|
|
|
|
| LEADER |
01461nam a22002777a 4500 |
| 001 |
29654 |
| 003 |
BD-DhAAL |
| 005 |
20150806101222.0 |
| 008 |
150806s2012 enka|||| |||| 00| 0 eng d |
| 020 |
|
|
|a 9780194577359
|
| 040 |
|
|
|a BD-DhAAL
|c BD-DhAAL
|
| 082 |
|
|
|2 22
|a 808/.042
|
| 100 |
|
|
|a Harrison, Mark
|9 13556
|
| 245 |
|
|
|a Cambridge English: Proficiency practice tests : with key : five tests for Cambridge English : proficiency/
|b Mark Harrison
|
| 260 |
|
|
|a Oxford :
|b Oxford University Press,
|c 2012
|
| 300 |
|
|
|a 143 s. :
|b il. ;
|c 28 cm + 2 płyty CD.
|
| 541 |
|
|
|e 29654
|
| 650 |
|
|
|a Język angielski
|x egzaminy, pytania.
|9 13557
|
| 650 |
|
|
|a English language
|x Textbooks for foreign speakers
|9 11684
|
| 710 |
|
|
|a Oxford University Press.
|9 13558
|
| 852 |
|
|
|a Ayesha Abed Library
|c General Stacks
|
| 942 |
|
|
|2 ddc
|c BK
|
| 999 |
|
|
|c 35161
|d 35161
|
| 952 |
|
|
|0 0
|1 0
|2 ddc
|4 0
|6 428_240760000000000_HAR
|7 0
|9 55126
|a BRACUL
|b BRACUL
|c GEN
|d 2015-08-06
|e BRAC Institute of Language
|l 4
|m 13
|o 428.24076 HAR
|p 3010029654
|q 2026-08-06
|r 2025-12-09
|s 2025-12-09
|t 1
|w 2015-08-06
|y BK
|
| 952 |
|
|
|0 0
|1 0
|2 ddc
|4 0
|5 1
|6 428_240760000000000_HAR
|7 0
|9 55127
|a BRACUL
|b BRACUL
|c GEN
|d 2015-08-06
|e BRAC Institute of Language
|l 2
|o 428.24076 HAR
|p 4010029654
|r 2017-04-09
|s 2015-08-06
|t 1
|w 2015-08-06
|y AV
|
| 952 |
|
|
|0 0
|1 0
|2 ddc
|4 0
|5 1
|6 428_240760000000000_HAR
|7 0
|9 55130
|a BRACUL
|b BRACUL
|c GEN
|d 2015-08-06
|e BRAC Institute of Language (BIL)
|l 2
|o 428.24076 HAR
|p 4010029654B
|r 2017-04-09
|s 2015-08-06
|t 1
|w 2015-08-06
|y AV
|